ნორმალური ფორმატი
MARC ფორმატი
ჩანაწერი Personal Name
ჩანაწერთა რაოდენობა, რომელიც გამოყენებულია: 1
001 - CONTROL NUMBER
- control field: 9715
003 - CONTROL NUMBER IDENTIFIER
- control field: GE_BSU
005 - DATE AND TIME OF LATEST TRANSACTION
- control field: 20201105133644.0
008 - FIXED-LENGTH DATA ELEMENTS
- fixed length control field: 201105|| aca||aabn | a|a d
040 ## - CATALOGING SOURCE
- Original cataloging agency: GE_BSU
- Transcribing agency: GE_BSU
100 ## - HEADING--PERSONAL NAME
- Personal name: Dileep, M. R.
- Fuller form of name: (Madhav R.),
- Relator term: author.
670 ## - SOURCE DATA FOUND
- Source citation: Work cat.: (GE_BSU)0: Dileep, M. R. (Madhav R.), author., Tourism, transport and travel management /
